000 00352nam a22001577a 4500
003 SGT
082 _a616
_bS88T
100 _aTANAGHO, EMIL A.
245 _aSMITH'S GENERAL UROLOGY
250 _a12TH
260 _aUSA
_bPRENTISE HALL
_c1988
300 _a706
650 _aGENERAL SURGERY
653 _aSMITH'S GENERAL UROLOGY
942 _2ddc
_cRARE
999 _c22346
_d22346